| 000 | 00387nam a22001697a 4500 | ||
|---|---|---|---|
| 005 | 20160511120813.0 | ||
| 008 | 160511b xxu||||| |||| 00| 0 eng d | ||
| 020 | _a81-7446557-X | ||
| 041 | _aeng | ||
| 082 | _b1267 | ||
| 100 |
_aMittal Vivek _9447 |
||
| 245 | _aBusiness Enviroment | ||
| 260 |
_aNew Delhi _bExcel Books, |
||
| 300 | _a607 | ||
| 650 |
_aManagement _9241 |
||
| 942 | _cBK | ||
| 999 |
_c535 _d535 |
||